000
00294nam a2200121Ia 4500
008
221030s9999 xx 000 0 und d
041
_a
English
100
_a
V. Subbulakshmi
245
0
_a
Corporate Finance - Research Insights
_c
by V. Subbulakshmi
260
_c
0
650
_a
Mb
942
_c
BK
999
_c
16588
_d
16588